000 00532nam a2200169 i 4500
001 101917
003 ES-MaACL
005 20230906183016.0
007 t|
008 051028s1911 sp ||||1| spa d
100 1 _aMelón Ruiz de Gordejuela, Angel Adolfo.
_980023
245 1 0 _aExámen de las gravimetrías del plomo
_b: tesis doctoral /
_cAngel Adolfo Melón Ruiz de Gordejuela.
260 _aSantander :
_bEl Cantábrico,
_c1911.
300 _a33 p. ;
_c22 cm.
502 _aTesis Doctoral.
852 _aES-MaACL
_jT-1224-F-6
999 _c101917
_d101917